Statistics for Most Mentioned Enemies of Russia

Click here to take the quiz!

General Stats

  • This quiz has been taken 18,853 times
    (18,547 since last reset)
  • The average score is 11 of 15

Answer Stats

% Mentioned Country % Correct
72United States
100%
18United Kingdom
99%
19Germany
94%
48Ukraine
90%
6Canada
86%
4Japan
86%
24Poland
80%
3Finland
75%
29Turkey
72%
16Estonia
68%
23Latvia
68%
23Lithuania
67%
10Georgia
59%
3Syria
54%
3Egypt
37%

Score Distribution

Percentile by Number Answered

Percent of People with Each Score

Your Score History

You have not taken this quiz since the last reset